[Event "Andorra op"]
[Site "Andorra la Vella AND"]
[Date "2003.07.09"]
[Round "5"]
[White "Khenkin, Igor"]
[Black "Charbonneau, Pascal"]
[Result "1-0"]
[WhiteElo "2638"]
[BlackElo "2442"]
[PlyCount "61"]
[GameId "2129405134608876"]
[EventDate "2003.07.05"]
[EventType "swiss"]
[EventRounds "9"]
[EventCountry "AND"]
[SourceTitle "The Week in Chess 453"]
[Source "Mark Crowther"]
[SourceDate "2003.07.14"]
[SourceVersion "1"]
[SourceVersionDate "2003.07.14"]
[SourceQuality "2"]

1. d4 d5 2. c4 c6 3. Nf3 Nf6 4. Nc3 a6 5. g3 b5 6. c5 Nbd7 7. Bg2 g6 8. O-O Bg7 9. e4 Nxe4 10. Nxe4 dxe4 11. Ng5 Nf6 12. Nxe4 Nd5 13. Re1 O-O 14. Nc3 Be6 15. Bg5 h6 16. Bxd5 cxd5 17. Bf4 Qd7 18. h4 Bg4 19. c6 Qf5 20. f3 Bh5 21. Kg2 b4 22. Na4 g5 23. hxg5 hxg5 24. Be5 g4 25. Bxg7 gxf3+ 26. Kf2 Kxg7 27. Re5 Qg4 28. Nb6 Bg6 29. Nxa8 Rh8 30. Ke3 Rh2 31. Qxf3 1-0

[Event "Andorra op"]
[Site "Andorra la Vella AND"]
[Date "2003.07.10"]
[Round "6"]
[White "Charbonneau, Pascal"]
[Black "Ris, Robert"]
[Result "1/2-1/2"]
[WhiteElo "2442"]
[BlackElo "2205"]
[PlyCount "54"]
[GameId "2129405134608906"]
[EventDate "2003.07.05"]
[EventType "swiss"]
[EventRounds "9"]
[EventCountry "AND"]
[SourceTitle "The Week in Chess 453"]
[Source "Mark Crowther"]
[SourceDate "2003.07.14"]
[SourceVersion "1"]
[SourceVersionDate "2003.07.14"]
[SourceQuality "2"]

1. e4 c5 2. Nc3 Nc6 3. Nf3 e5 4. Bc4 d6 5. d3 Be7 6. O-O Nf6 7. Ng5 O-O 8. f4 exf4 9. Bxf4 h6 10. Nf3 Be6 11. Nd5 Bxd5 12. Bxd5 Nxd5 13. exd5 Nb4 14. c4 Bf6 15. a3 Na6 16. Rb1 g5 17. Be3 Bg7 18. h4 g4 19. Nh2 f5 20. g3 Qf6 21. Qd2 Qg6 22. Kg2 Rae8 23. Rbe1 b6 24. Rf2 Nb8 25. Bf4 Nd7 26. Rfe2 Ne5 27. Re3 Kh7 1/2-1/2

[Event "Andorra op"]
[Site "Andorra la Vella AND"]
[Date "2003.07.12"]
[Round "8"]
[White "Charbonneau, Pascal"]
[Black "Sanchez Moreno, Jose Carlos"]
[Result "1-0"]
[WhiteElo "2440"]
[BlackElo "2020"]
[PlyCount "95"]
[GameId "2129405134608988"]
[EventDate "2003.07.05"]
[EventType "swiss"]
[EventRounds "9"]
[EventCountry "AND"]
[SourceTitle "CBM 095 ext"]
[Source "ChessBase"]
[SourceDate "2003.09.04"]
[SourceVersion "1"]
[SourceVersionDate "2003.09.04"]
[SourceQuality "1"]

1. e4 c5 2. Nf3 d6 3. d4 cxd4 4. Nxd4 Nf6 5. Nc3 Nc6 6. Bg5 e6 7. Qd2 h6 8. Bxf6 gxf6 9. O-O-O a6 10. f4 Bd7 11. Be2 h5 12. Kb1 Qb6 13. Nb3 O-O-O 14. Rhf1 Kb8 15. Rf3 Bc8 16. Rh3 h4 17. Qe1 Be7 18. Bf3 Rde8 19. Rxh4 Rxh4 20. Qxh4 Qe3 21. Re1 Qb6 22. Qg3 Nd4 23. Qf2 e5 24. Nd5 Qa7 25. Nxd4 Bd8 26. Rd1 Be6 27. Qd2 exd4 28. Qxd4 Qxd4 29. Rxd4 f5 30. exf5 Bxf5 31. Kc1 Rh8 32. h3 Be6 33. Bg4 Bxg4 34. hxg4 Rh4 35. g5 Bxg5 36. g3 Rh1+ 37. Rd1 Rxd1+ 38. Kxd1 Bd8 39. Ke2 Kc8 40. Kd3 Kd7 41. Ke4 Kc6 42. g4 b5 43. Nb4+ Kb7 44. Kd5 a5 45. Nc6 Bc7 46. g5 Bb6 47. f5 Be3 48. Nd8+ 1-0

[Event "Andorra op"]
[Site "Andorra la Vella AND"]
[Date "2003.07.13"]
[Round "9"]
[White "Aizpurua Blanco, Juan Antonio"]
[Black "Charbonneau, Pascal"]
[Result "0-1"]
[WhiteElo "2155"]
[BlackElo "2440"]
[PlyCount "118"]
[GameId "2129405134609019"]
[EventDate "2003.07.05"]
[EventType "swiss"]
[EventRounds "9"]
[EventCountry "AND"]
[SourceTitle "CBM 095 ext"]
[Source "ChessBase"]
[SourceDate "2003.09.04"]
[SourceVersion "1"]
[SourceVersionDate "2003.09.04"]
[SourceQuality "1"]

1. Nf3 Nf6 2. b3 g6 3. Bb2 Bg7 4. d4 O-O 5. e3 d6 6. Be2 Nbd7 7. O-O e5 8. dxe5 Ng4 9. c4 h5 10. Nc3 Ndxe5 11. Qd2 Nxf3+ 12. Bxf3 Be5 13. Bxg4 hxg4 14. Nd5 c6 15. Nf4 Bf5 16. f3 Qg5 17. fxg4 Bxg4 18. Nd3 Bxb2 19. Nxb2 Rfe8 20. Rae1 Rad8 21. Qf2 Re7 22. Nd3 Rde8 23. Nf4 Qc5 24. Nd3 Qf5 25. Qd2 Qg5 26. Nf4 Qc5 27. Nd3 Qb6 28. Nf2 Bf5 29. g4 Bc8 30. Qxd6 Re6 31. Qd2 Rxe3 32. Rxe3 Qxe3 33. Qxe3 Rxe3 34. Rd1 Re8 35. Kg2 Kg7 36. Kf3 b6 37. Rd3 g5 38. h3 c5 39. Re3 Bb7+ 40. Ke2 Rxe3+ 41. Kxe3 Kf6 42. Ne4+ Bxe4 43. Kxe4 Ke6 44. a3 a6 45. b4 cxb4 46. axb4 a5 47. bxa5 bxa5 48. Kd4 Kd6 49. c5+ Kc6 50. Kc4 f6 51. Kd4 a4 52. Kc4 a3 53. Kb3 Kxc5 54. Kxa3 Kd4 55. Kb4 Ke4 56. Kc4 Kf3 57. Kd3 Kg3 58. Ke4 Kxh3 59. Kf3 Kh4 0-1

[Event "Millennium Festival"]
[Site "Virginia Beach USA"]
[Date "2003.03.29"]
[Round "3"]
[White "Goldin, Alexander"]
[Black "Charbonneau, Pascal"]
[Result "1-0"]
[WhiteElo "2621"]
[BlackElo "2444"]
[PlyCount "89"]
[GameId "2129405136135921"]
[EventDate "2003.03.28"]
[EventType "swiss"]
[EventRounds "5"]
[EventCountry "USA"]
[SourceTitle "The Week in Chess 439"]
[Source "Mark Crowther"]
[SourceDate "2003.04.07"]
[SourceVersion "1"]
[SourceVersionDate "2003.04.07"]
[SourceQuality "2"]

1. d4 Nf6 2. c4 e6 3. Nf3 Nc6 4. a3 d6 5. Nc3 g6 6. g3 Bg7 7. Bg2 O-O 8. O-O e5 9. d5 Ne7 10. e4 Nh5 11. Ne1 a6 12. Nd3 f5 13. exf5 Bxf5 14. h3 c5 15. a4 Rb8 16. Kh2 Bc8 17. Bg5 Bf6 18. Bd2 Ng7 19. Ne4 Nef5 20. b4 cxb4 21. Bxb4 Be7 22. a5 Nd4 23. Ra2 Bf5 24. f4 Bxe4 25. Bxe4 exf4 26. Nxf4 Ndf5 27. Ne6 Nxe6 28. dxe6 Qc7 29. Qd3 d5 30. Bxd5 Bxb4 31. e7+ Rf7 32. Bxf7+ Kxf7 33. Rxf5+ gxf5 34. Qxf5+ Ke8 35. Qh5+ Kd7 36. Qg4+ Ke8 37. Re2 Bxe7 38. Qg8+ Kd7 39. Rd2+ Bd6 40. Qf7+ Kc6 41. Qd5+ Kd7 42. c5 Rf8 43. cxd6 Qc6 44. Qg5 Rf7 45. Qg4+ 1-0

[Event "Millennium Festival"]
[Site "Virginia Beach USA"]
[Date "2003.03.30"]
[Round "4"]
[White "Charbonneau, Pascal"]
[Black "Reichstein, Boris"]
[Result "1-0"]
[WhiteElo "2444"]
[BlackElo "2204"]
[PlyCount "65"]
[GameId "2129405136135926"]
[EventDate "2003.03.28"]
[EventType "swiss"]
[EventRounds "5"]
[EventCountry "USA"]
[SourceTitle "The Week in Chess 439"]
[Source "Mark Crowther"]
[SourceDate "2003.04.07"]
[SourceVersion "1"]
[SourceVersionDate "2003.04.07"]
[SourceQuality "2"]

1. e4 c5 2. Nf3 Nc6 3. d4 cxd4 4. Nxd4 Nf6 5. Nc3 e6 6. Ndb5 Bb4 7. a3 Bxc3+ 8. Nxc3 d5 9. exd5 exd5 10. Bd3 O-O 11. O-O h6 12. Bf4 Re8 13. h3 a6 14. Rc1 Be6 15. Qd2 d4 16. Ne2 Nd5 17. Bg3 Qg5 18. Rcd1 Rac8 19. Be4 Qxd2 20. Rxd2 f5 21. Bf3 Bf7 22. Rfd1 Nde7 23. Nxd4 Nxd4 24. Rxd4 Rxc2 25. Bxb7 Rxb2 26. Bxa6 g6 27. Bc7 Nc6 28. Rd6 Nb8 29. Bd3 Rb3 30. a4 Rc3 31. Ba5 Rc6 32. Bb5 Rxd6 33. Rxd6 1-0

[Event "USA Amateur Team East"]
[Site "Parsippany NJ USA"]
[Date "2003.02.17"]
[Round "5"]
[White "Charbonneau, Pascal"]
[Black "Braylovsky, Gregory"]
[Result "1/2-1/2"]
[WhiteElo "2444"]
[BlackElo "2327"]
[PlyCount "59"]
[GameId "2129405136678494"]
[EventDate "2003.02.15"]
[EventType "team"]
[EventRounds "6"]
[EventCountry "USA"]
[SourceTitle "The Week in Chess 435"]
[Source "Mark Crowther"]
[SourceDate "2003.03.10"]
[SourceVersion "1"]
[SourceVersionDate "2003.03.10"]
[SourceQuality "2"]

1. e4 c5 2. Nf3 Nc6 3. Nc3 e5 4. Bc4 d6 5. d3 Be7 6. O-O Nf6 7. Ng5 O-O 8. f4 Na5 9. Nf3 Nxc4 10. dxc4 exf4 11. Bxf4 Be6 12. Qd3 Nh5 13. Be3 Bf6 14. Rad1 Bxc3 15. Qxc3 Qc7 16. b3 Rae8 17. Qd3 b6 18. Nd2 Qe7 19. Rde1 Bc8 20. Rf2 h6 21. h3 f5 22. exf5 Ng3 23. f6 Rxf6 24. Rxf6 Qxf6 25. Bf2 Rxe1+ 26. Bxe1 Nf5 27. g4 Qe6 28. Bf2 Ne7 29. Qe4 d5 30. cxd5 1/2-1/2

[Event "Olympiad"]
[Site "Bled SLO"]
[Date "2002.10.29"]
[Round "4"]
[White "Charbonneau, Pascal"]
[Black "Wu Shaobin"]
[Result "0-1"]
[WhiteElo "2427"]
[BlackElo "2544"]
[PlyCount "38"]
[GameId "2129405139108333"]
[EventDate "2002.10.26"]
[EventType "team"]
[EventRounds "14"]
[EventCountry "SLO"]
[SourceTitle "The Week in Chess 417"]
[Source "Mark Crowther"]
[SourceDate "2002.11.04"]
[SourceVersion "2"]
[SourceVersionDate "2002.11.11"]
[SourceQuality "2"]

1. e4 c6 2. d4 d5 3. e5 Bf5 4. Nc3 a6 5. Be3 e6 6. g4 Bg6 7. Nge2 c5 8. dxc5 Nc6 9. Bg2 Nxe5 10. Nf4 Nf6 11. g5 Nfg4 12. Qe2 Nxe3 13. Qxe3 Nc4 14. Qd4 Qxg5 15. Bxd5 exd5 16. Ncxd5 O-O-O 17. Qxc4 Qe5+ 18. Kf1 Qe4 19. Rg1 Qxc4+ 0-1

[Event "Donald Byrne mem"]
[Site "Penn State USA"]
[Date "2002.02.20"]
[Round "1"]
[White "Belorusov, Mikhail"]
[Black "Charbonneau, Pascal"]
[Result "0-1"]
[WhiteElo "2299"]
[BlackElo "2386"]
[PlyCount "134"]
[GameId "2129405144279090"]
[EventDate "2002.02.20"]
[EventType "tourn"]
[EventRounds "9"]
[EventCountry "USA"]
[EventCategory "4"]
[SourceTitle "The Week in Chess 381"]
[Source "Mark Crowther"]
[SourceDate "2002.02.25"]
[SourceVersion "1"]
[SourceVersionDate "2002.02.25"]
[SourceQuality "2"]

1. d4 Nf6 2. Nf3 e6 3. Bf4 b6 4. e3 Bb7 5. Be2 Be7 6. O-O O-O 7. c4 Nh5 8. Bg3 f5 9. Nc3 d6 10. Nd2 Nxg3 11. hxg3 e5 12. Qb3 Kh8 13. dxe5 dxe5 14. Nf3 Nd7 15. Rad1 Qe8 16. Nb5 Bd8 17. Qa3 a6 18. Nc3 Be7 19. Qa4 Bd6 20. Nd5 Rd8 21. Rd2 e4 22. Nd4 Qf7 23. Qc2 Ne5 24. Nf4 Rde8 25. Qc3 Ng4 26. b4 Be5 27. c5 g5 28. Nh3 Qg6 29. Qb3 h5 30. Qd1 Bc8 31. cxb6 cxb6 32. Rc2 Bd7 33. b5 axb5 34. Nxb5 Re7 35. Rd2 Rff7 36. Nd6 Rg7 37. Nc4 Bc7 38. Qb3 h4 39. Rfd1 hxg3 40. fxg3 b5 41. Nd6 Be6 42. Qc3 Bb6 43. Bxg4 b4 44. Qxb4 Bxe3+ 45. Nf2 Bxd2 46. Qxd2 fxg4 47. Nfxe4 Bf5 48. Nxf5 Qxf5 49. Nf2 Qc5 50. Rc1 Qb6 51. Rc8+ Kh7 52. Kh2 Qh6+ 53. Kg1 Qe6 54. Rc1 Rg6 55. Rf1 Rf7 56. a4 Qf5 57. Re1 Rc6 58. Qd4 Rd6 59. Qe4 Qxe4 60. Rxe4 Rd2 61. Nxg4 Rd1+ 62. Kh2 Rff1 63. Kh3 Rh1+ 64. Nh2 Rd6 65. Re7+ Kg6 66. g4 Rd3+ 67. g3 Rd2 0-1

[Event "Donald Byrne mem"]
[Site "Penn State USA"]
[Date "2002.02.21"]
[Round "2"]
[White "Charbonneau, Pascal"]
[Black "Chiong, Luiz"]
[Result "1/2-1/2"]
[WhiteElo "2386"]
[BlackElo "2364"]
[PlyCount "83"]
[GameId "2129405144279095"]
[EventDate "2002.02.20"]
[EventType "tourn"]
[EventRounds "9"]
[EventCountry "USA"]
[EventCategory "4"]
[SourceTitle "The Week in Chess 381"]
[Source "Mark Crowther"]
[SourceDate "2002.02.25"]
[SourceVersion "1"]
[SourceVersionDate "2002.02.25"]
[SourceQuality "2"]

1. e4 c5 2. Nf3 d6 3. Bc4 Nf6 4. d3 Nc6 5. c3 a6 6. Bb3 Bg4 7. h3 Bh5 8. g4 Bg6 9. g5 Nh5 10. Nh4 e5 11. Qf3 Qd7 12. Be3 O-O-O 13. Nd2 Be7 14. O-O-O Rdf8 15. Nf5 f6 16. h4 fxg5 17. hxg5 Nf4 18. Bxf4 Bxf5 19. Nc4 Kb8 20. Nb6 Qd8 21. exf5 Rxf5 22. Nd5 exf4 23. g6 hxg6 24. Rxh8 Qxh8 25. Qe4 Qd8 26. Rg1 Bg5 27. Qe6 Re5 28. Qxg6 Ne7 29. Qf7 Nxd5 30. Bxd5 Re7 31. Qg8 Qxg8 32. Bxg8 Bh6 33. Kd1 g5 34. Bd5 Kc7 35. Rh1 Bg7 36. Bf3 b5 37. Rh5 Bf6 38. Rh6 Be5 39. Rg6 Rg7 40. Rxg7+ Bxg7 41. Kc2 a5 42. Bg4 1/2-1/2

[Event "Donald Byrne mem"]
[Site "Penn State USA"]
[Date "2002.02.23"]
[Round "3"]
[White "Adu, Oladapo"]
[Black "Charbonneau, Pascal"]
[Result "1/2-1/2"]
[WhiteElo "2239"]
[BlackElo "2386"]
[PlyCount "129"]
[GameId "2129405144279099"]
[EventDate "2002.02.20"]
[EventType "tourn"]
[EventRounds "9"]
[EventCountry "USA"]
[EventCategory "4"]
[SourceTitle "The Week in Chess 381"]
[Source "Mark Crowther"]
[SourceDate "2002.02.25"]
[SourceVersion "1"]
[SourceVersionDate "2002.02.25"]
[SourceQuality "2"]

1. e4 c5 2. Nf3 Nc6 3. d3 g6 4. g3 Bg7 5. Bg2 d6 6. O-O e5 7. c3 Nge7 8. a3 O-O 9. b4 h6 10. Bb2 f5 11. Nbd2 f4 12. d4 cxd4 13. cxd4 exd4 14. b5 Ne5 15. Qb3+ Kh7 16. Nxd4 Qb6 17. gxf4 Rxf4 18. Ne2 Rf8 19. Bd4 Qa5 20. Bc3 Qb6 21. Bd4 Qa5 22. Rad1 Bg4 23. f3 Bd7 24. a4 Rac8 25. f4 Bg4 26. Qe3 Qxa4 27. fxe5 Bxe2 28. Ra1 Qxb5 29. Rxf8 Rxf8 30. exd6 Bxd4 31. Qxd4 Nc6 32. Qe3 Qe5 33. Re1 Ba6 34. d7 Qe7 35. e5 Qxd7 36. Ne4 Qd4 37. Nf6+ Kg7 38. Bxc6 Qxe3+ 39. Rxe3 bxc6 40. Ra3 Bb5 41. Rxa7+ Rf7 42. Ne8+ Kf8 43. Ra8 Re7 44. Nd6+ Kg7 45. Ne8+ Kf7 46. Nd6+ Ke6 47. Nxb5 cxb5 48. Rb8 Kxe5 49. Rxb5+ Kf4 50. Kf2 g5 51. Rb2 h5 52. h3 Re4 53. Rb8 Re5 54. Rb4+ Kf5 55. Rb8 Ra5 56. Rf8+ Ke4 57. Re8+ Re5 58. Rh8 h4 59. Ra8 Rf5+ 60. Kg2 Rd5 61. Re8+ Re5 62. Rf8 Ke3 63. Ra8 Rd5 64. Re8+ Kf4 65. Rf8+ 1/2-1/2

[Event "Donald Byrne mem"]
[Site "Penn State USA"]
[Date "2002.02.23"]
[Round "5"]
[White "Schneider, Igor"]
[Black "Charbonneau, Pascal"]
[Result "0-1"]
[WhiteElo "2331"]
[BlackElo "2386"]
[PlyCount "84"]
[GameId "2129405144279111"]
[EventDate "2002.02.20"]
[EventType "tourn"]
[EventRounds "9"]
[EventCountry "USA"]
[EventCategory "4"]
[SourceTitle "The Week in Chess 381"]
[Source "Mark Crowther"]
[SourceDate "2002.02.25"]
[SourceVersion "1"]
[SourceVersionDate "2002.02.25"]
[SourceQuality "2"]

1. e4 c5 2. Nf3 Nc6 3. Nc3 e6 4. g3 Nf6 5. Bg2 a6 6. O-O Qc7 7. d3 Be7 8. Ng5 h6 9. Nh3 b5 10. f4 b4 11. Ne2 d5 12. e5 Nd7 13. c3 a5 14. d4 Ba6 15. Be3 g6 16. a3 bxc3 17. bxc3 Nb6 18. Kh1 cxd4 19. cxd4 Nc4 20. Bc1 Qb6 21. Nhg1 h5 22. h4 Rb8 23. Rf3 Kd7 24. Nc3 Qb3 25. Qxb3 Rxb3 26. Nge2 Rhb8 27. a4 Nb2 28. Bxb2 Rxb2 29. Bf1 R8b3 30. Nd1 Rxf3 31. Nxb2 Rxf1+ 32. Rxf1 Bxe2 33. Rb1 Nxd4 34. Kg1 Ba6 35. Kf2 Bc5 36. Kg2 Nf5 37. Kf3 d4 38. Rd1 Bb7+ 39. Kf2 Be4 40. Rc1 Kc6 41. Nc4 Kd5 42. Nxa5 d3+ 0-1

[Event "Donald Byrne mem"]
[Site "Penn State USA"]
[Date "2002.02.25"]
[Round "9"]
[White "Simpson, Ronald"]
[Black "Charbonneau, Pascal"]
[Result "0-1"]
[WhiteElo "2290"]
[BlackElo "2386"]
[PlyCount "46"]
[GameId "2129405144279132"]
[EventDate "2002.02.20"]
[EventType "tourn"]
[EventRounds "9"]
[EventCountry "USA"]
[EventCategory "4"]
[SourceTitle "The Week in Chess 381"]
[Source "Mark Crowther"]
[SourceDate "2002.02.25"]
[SourceVersion "1"]
[SourceVersionDate "2002.02.25"]
[SourceQuality "2"]

1. c4 e5 2. Nc3 Nf6 3. g3 Bb4 4. Qc2 O-O 5. Bg2 c6 6. a3 Bxc3 7. Qxc3 Re8 8. c5 d5 9. cxd6 Qxd6 10. b4 a5 11. bxa5 Nd5 12. Qd3 Nd7 13. Nh3 Qh6 14. Qc2 Rxa5 15. d3 Qh5 16. Ng5 Rc5 17. Qd2 N7f6 18. a4 b6 19. Qb2 h6 20. Ne4 Nxe4 21. dxe4 Nc3 22. g4 Bxg4 23. f3 Qh4+ 0-1

[Event "US Amateur Team East"]
[Site "Parsipanny USA"]
[Date "2002.02.17"]
[Round "4"]
[White "Shliperman, Igor"]
[Black "Charbonneau, Pascal"]
[Result "0-1"]
[WhiteElo "2456"]
[BlackElo "2386"]
[PlyCount "144"]
[GameId "2129405144300192"]
[EventDate "2002.02.16"]
[EventType "team"]
[EventRounds "6"]
[EventCountry "USA"]
[SourceTitle "The Week in Chess 383"]
[Source "Mark Crowther"]
[SourceDate "2002.03.11"]
[SourceVersion "1"]
[SourceVersionDate "2002.03.11"]
[SourceQuality "2"]

1. d4 d5 2. c4 dxc4 3. e3 Nf6 4. Bxc4 e6 5. Nf3 c5 6. O-O a6 7. Bd3 cxd4 8. exd4 Be7 9. Nc3 O-O 10. Be3 b5 11. Rc1 Bb7 12. Qe2 Nbd7 13. Rfd1 Nb6 14. Bg5 Nbd5 15. Ne5 Rc8 16. a4 b4 17. Nb1 a5 18. Rxc8 Qxc8 19. Rc1 Qa8 20. Bb5 h6 21. Bd2 Bd8 22. Bc6 Bb6 23. Be3 Ne7 24. Bxb7 Qxb7 25. Nd2 Qd5 26. Ndf3 Nf5 27. Qc4 Rd8 28. Nc6 Rc8 29. Kf1 Qxc4+ 30. Rxc4 Nd5 31. Ke2 Nd6 32. Rc1 f6 33. Nd2 Kf8 34. Nb3 Nb7 35. Kd3 Ke8 36. Ncxa5 Rxc1 37. Nxb7 Rc7 38. Nd6+ Ke7 39. Nb5 Rc6 40. Bd2 g5 41. f3 f5 42. g3 Kf6 43. Be1 Ke7 44. Bf2 f4 45. Nc5 Bxc5 46. dxc5 Ne3 47. Be1 Nd5 48. Kc4 Ne3+ 49. Kb3 fxg3 50. hxg3 h5 51. Bd2 h4 52. Bxe3 h3 53. Bg1 e5 54. Kxb4 Rf6 55. a5 Kd7 56. Kc4 g4 57. fxg4 Rf1 58. Bh2 Ra1 59. Kd5 Rxa5 60. Nc3 Ra1 61. g5 Rh1 62. c6+ Kc8 63. g6 Rxh2 64. g7 Rd2+ 65. Kc5 Rd8 66. Nd5 h2 67. Kb6 Re8 68. g8=Q Rxg8 69. Ne7+ Kd8 70. Nxg8 h1=Q 71. c7+ Kd7 72. Ne7 Qg1+ 0-1

[Event "US Amateur Team East"]
[Site "Parsipanny USA"]
[Date "2002.02.18"]
[Round "5"]
[White "Charbonneau, Pascal"]
[Black "Ariel, Donny"]
[Result "0-1"]
[WhiteElo "2386"]
[BlackElo "2367"]
[PlyCount "114"]
[GameId "2129405144300207"]
[EventDate "2002.02.16"]
[EventType "team"]
[EventRounds "6"]
[EventCountry "USA"]
[SourceTitle "The Week in Chess 383"]
[Source "Mark Crowther"]
[SourceDate "2002.03.11"]
[SourceVersion "1"]
[SourceVersionDate "2002.03.11"]
[SourceQuality "2"]

1. e4 c5 2. Nf3 Nc6 3. d4 cxd4 4. Nxd4 e6 5. Nc3 Qc7 6. Be2 a6 7. O-O Nf6 8. Kh1 Bb4 9. Qd3 b5 10. Nxc6 dxc6 11. f4 O-O 12. e5 Nd5 13. Ne4 Be7 14. Qg3 f5 15. exf6 Nxf6 16. Bd3 c5 17. c3 g6 18. Be3 Nh5 19. Qf3 Bb7 20. Qg4 Bd5 21. Ng5 Bxg5 22. Qxg5 Ng7 23. Rac1 Nf5 24. Bxf5 Rxf5 25. Qg3 Bxa2 26. b4 Bd5 27. Bxc5 a5 28. Bd4 a4 29. c4 Bxc4 30. Be5 Qb7 31. Rfd1 a3 32. Ba1 Qf7 33. h3 h5 34. Rd4 a2 35. Qc3 Kh7 36. g4 Rd5 37. Rcd1 Rad8 38. Qe3 e5 39. Rxd5 Bxd5+ 40. Kg1 Qxf4 41. Qxe5 Qxe5 42. Bxe5 hxg4 43. hxg4 Re8 44. Bf6 Bf3 45. Rd7+ Kh6 46. g5+ Kh5 47. Kf2 Kg4 48. Rd2 Ra8 49. Rd4+ Kf5 50. Kg3 Be4 51. Rd1 Ra3+ 52. Kf2 Kf4 53. Rd7 Rh3 54. Ke2 Rb3 55. Kd2 Rxb4 56. Rf7 Bf3 57. Ra7 Bd5 0-1

[Event "Bermuda op"]
[Site "Bermuda BER"]
[Date "2002.02.03"]
[Round "4"]
[White "Patterson, Roger"]
[Black "Charbonneau, Pascal"]
[Result "1-0"]
[WhiteElo "2173"]
[BlackElo "2386"]
[PlyCount "35"]
[GameId "2129405144415688"]
[EventDate "2002.02.01"]
[EventType "swiss"]
[EventRounds "5"]
[EventCountry "BER"]
[SourceTitle "The Week in Chess 379"]
[Source "Mark Crowther"]
[SourceDate "2002.02.11"]
[SourceVersion "1"]
[SourceVersionDate "2002.02.11"]
[SourceQuality "2"]

1. e4 c5 2. Nf3 Nc6 3. Nc3 e6 4. d4 cxd4 5. Nxd4 Qc7 6. Be2 a6 7. O-O Bb4 8. Nxc6 Bxc3 9. bxc3 bxc6 10. Qd4 Nf6 11. Ba3 d5 12. exd5 cxd5 13. c4 dxc4 14. Rab1 Bb7 15. Bxc4 Bc6 16. Rfd1 Bd5 17. Bxd5 Nxd5 18. Qa4+ 1-0

[Event "GMB"]
[Site "Bermuda BER"]
[Date "2002.01.21"]
[Round "1"]
[White "Charbonneau, Pascal"]
[Black "Nyback, Tomi"]
[Result "1-0"]
[WhiteElo "2386"]
[BlackElo "2448"]
[PlyCount "101"]
[GameId "2129405144546130"]
[EventDate "2002.01.21"]
[EventType "tourn"]
[EventRounds "9"]
[EventCountry "BER"]
[EventCategory "8"]
[SourceTitle "The Week in Chess 377"]
[Source "Mark Crowther"]
[SourceDate "2002.01.28"]
[SourceVersion "1"]
[SourceVersionDate "2002.01.28"]
[SourceQuality "2"]

1. e4 c5 2. Nf3 Nc6 3. d4 cxd4 4. Nxd4 e5 5. Nb5 d6 6. N1c3 a6 7. Na3 b5 8. Nd5 Nge7 9. c4 Nd4 10. Be3 Nxd5 11. cxd5 Be7 12. Bd3 O-O 13. O-O Bf6 14. Qd2 Bd7 15. Rac1 Qb6 16. Nc2 Rac8 17. Nxd4 exd4 18. Bf4 Rc5 19. Rxc5 dxc5 20. e5 Be7 21. d6 Bd8 22. b3 Qc6 23. Rc1 Bb6 24. Qc2 g6 25. Bg5 f5 26. exf6 Be8 27. Bf4 Rxf6 28. Be5 Rf8 29. Be4 Qd7 30. Kh1 Bf7 31. f4 Re8 32. Qf2 c4 33. bxc4 bxc4 34. Qh4 Bd8 35. Qh6 Rxe5 36. fxe5 Qg4 37. Bf3 Qf5 38. Re1 c3 39. Qc1 Qc8 40. Qc2 Be6 41. Be4 Kg7 42. Qf2 Bg5 43. h4 Bd2 44. Qf6+ Kh6 45. Rf1 Qc4 46. Bxg6 Qxf1+ 47. Qxf1 hxg6 48. Qf6 Bg8 49. Qh8+ Bh7 50. Qf8+ Kh5 51. Qg7 1-0

[Event "GMB"]
[Site "Bermuda BER"]
[Date "2002.01.22"]
[Round "2"]
[White "Blehm, Pawel"]
[Black "Charbonneau, Pascal"]
[Result "1-0"]
[WhiteElo "2535"]
[BlackElo "2386"]
[PlyCount "75"]
[GameId "2129405144546133"]
[EventDate "2002.01.21"]
[EventType "tourn"]
[EventRounds "9"]
[EventCountry "BER"]
[EventCategory "8"]
[SourceTitle "The Week in Chess 377"]
[Source "Mark Crowther"]
[SourceDate "2002.01.28"]
[SourceVersion "1"]
[SourceVersionDate "2002.01.28"]
[SourceQuality "2"]

1. e4 c5 2. Nf3 e6 3. d4 cxd4 4. Nxd4 Nc6 5. Nb5 d6 6. c4 Nf6 7. N5c3 Be7 8. g3 b6 9. Bg2 Bb7 10. O-O O-O 11. h3 Rc8 12. Be3 a6 13. Nd2 Ne5 14. Qe2 Qc7 15. Rac1 Ned7 16. g4 h6 17. f4 Nh7 18. Bf2 g5 19. Be3 gxf4 20. Bxf4 Bg5 21. Bg3 Ne5 22. b3 Qe7 23. a4 Bh4 24. Bxh4 Qxh4 25. Nf3 Nxf3+ 26. Qxf3 Rc5 27. Rcd1 h5 28. gxh5 Rg5 29. Kh2 Nf6 30. Qf4 Rg4 31. Qf2 Qg5 32. Kh1 Rg3 33. Qxf6 Qxf6 34. Rxf6 Rxc3 35. Rxd6 Rxb3 36. h6 Kh8 37. Rdxe6 Rg8 38. Rxf7 1-0

[Event "GMB"]
[Site "Bermuda BER"]
[Date "2002.01.23"]
[Round "3"]
[White "Charbonneau, Pascal"]
[Black "Perelshteyn, Eugene"]
[Result "1/2-1/2"]
[WhiteElo "2386"]
[BlackElo "2451"]
[PlyCount "49"]
[GameId "2129405144554332"]
[EventDate "2002.01.21"]
[EventType "tourn"]
[EventRounds "9"]
[EventCountry "BER"]
[EventCategory "8"]
[SourceTitle "The Week in Chess 377"]
[Source "Mark Crowther"]
[SourceDate "2002.01.28"]
[SourceVersion "1"]
[SourceVersionDate "2002.01.28"]
[SourceQuality "2"]

1. e4 c6 2. d4 d5 3. exd5 cxd5 4. c4 Nf6 5. Nc3 g6 6. Qb3 Bg7 7. cxd5 O-O 8. Be2 Na6 9. Bf3 Qb6 10. Nge2 Qxb3 11. axb3 Nb4 12. O-O Rd8 13. Ra5 a6 14. Bg5 h6 15. Bxf6 exf6 16. Na4 b5 17. Nc5 Rb8 18. Rc1 f5 19. g3 Rb6 20. Kf1 Bf6 21. Raa1 Nxd5 22. Bxd5 Rxd5 23. Na4 Rb8 24. Rxc8+ Rxc8 25. Nb6 1/2-1/2